00521nam a2200169 a 450000100060000000300090000600800410001502000150005604000280007108200160009910000330011524500780014826000400022630000110026665000520027765000220032914843CO-ViMGA141112s2004 ck r 000 u spa d a9588159350 aCO-ViMGAbspacCO-ViMGA04a371.01 D0271 aDotor Robayo, Maria Victoria10aLa instrucción pública en el estado soberano de Boyacá, 1870 - 1876 aBtá, cMinisterio de Cultura 2002 a112.p.14aESCUELAS PUBLICAS BOYACA COLOMBIA - 1870 - 187614aREFORMA EDUCATIVA